| 000 | 00728nam a2200253Ia 4500 | ||
|---|---|---|---|
| 003 | OSt | ||
| 005 | 20220918212231.0 | ||
| 006 | a|||||r|||| 00| 0 | ||
| 007 | ta | ||
| 008 | 220917b |||||||| |||| 00| 0 eng d | ||
| 024 | _a127,891 | ||
| 037 | _cTextual | ||
| 040 |
_aARTS _cARTS _beng |
||
| 041 |
_2eng _aeng |
||
| 082 | _aX.575.N5t4, L6 | ||
| 110 |
_aFinland Finance (Ministry of -) Economic Department _9123019 |
||
| 245 | 0 | _aEconomic survey 1976 tr by Jaakko Railo | |
| 260 |
_aHelsinki _bNA _c1976 |
||
| 300 |
_a108p. _ccm. |
||
| 650 | _aECONOMICS | ||
| 700 |
_aFinland Finance (Ministry of -) Economic Department _9123020 |
||
| 942 |
_hX.575.N5t4, L6 _cTEXL _2CC |
||
| 999 |
_c251033 _d251033 |
||